[Event "ch-SER Qualification"]
[Site "Belgrade SER"]
[Date "2007.01.27"]
[Round "5"]
[White "Brkljaca,A"]
[Black "Rakic,Ma"]
[Result "1-0"]
[WhiteElo "2353"]
[BlackElo "2241"]

1.d4 Nf6 2.Nf3 e6 3.c4 b6 4.g3 Ba6 5.Qa4 Bb7 6.Bg2 c5 7.O-O Be7 8.dxc5 Bxc5
9.Nc3 O-O 10.Bf4 Bc6 11.Qc2 Qc8 12.Rad1 Qb7 13.Be5 Be7 14.Ng5 g6 15.e4 Ng4
16.Bf4 f5 17.Nd5 Bd8 18.h3 Nf6 19.Bd6 Re8 20.h4 Nxe4 21.Nxe4 exd5 22.cxd5 Bb5
23.Rfe1 fxe4 24.Rxe4 Be7 25.Bxe7 Na6 26.h5 d6 27.Bxd6 Rxe4 28.Bxe4 Rc8 29.Qd2 Qg7
30.hxg6 hxg6 31.Qg5 Be8 32.Be5  1-0

[Event "12th HIT Open A"]
[Site "Nova Gorica SLO"]
[Date "2007.01.27"]
[Round "3"]
[White "Gombac,Jan"]
[Black "Saric,A"]
[Result "1/2-1/2"]
[WhiteElo "2298"]
[BlackElo "2501"]

1.Nf3 Nf6 2.d4 e6 3.c4 b6 4.g3 Ba6 5.Qa4 Bb7 6.Bg2 c5 7.dxc5 bxc5 8.O-O Be7
9.Nc3 O-O 10.Rd1 Qb6 11.Qc2 Nc6 12.e4 d6 13.Bg5 Rfd8 14.Qd2 h6 15.Be3 Na5
16.Qd3 Rab8 17.b3 Ng4 18.h3 Nxe3 19.Qxe3 Bf6 20.Rac1 Nc6 21.Ne2 a5 22.g4 a4
23.h4 axb3 24.axb3 Ba6 25.Rb1 Be5 26.g5 hxg5 27.hxg5 g6 28.Nh2 Nd4 29.Ng4 Qc7
30.Nxd4 Bxd4 31.Qh3 Kf8 32.Rxd4 cxd4 33.Qh8+ Ke7 34.Qf6+ Ke8 35.Qxd4 e5 36.Nf6+ Kf8
37.Qe3 Bb7 38.Rd1 Bc6 39.Rd3 Ra8 40.c5 Kg7 41.Rc3 Qa7 42.b4 Qa1+ 43.Rc1 Qb2
44.Ng4 Ra3 45.Qe1 dxc5 46.bxc5 Rd2 47.Rb1 Qd4 48.Nxe5 Raa2 49.Nxc6 Qxc5 50.Nb4 Rxf2
51.Nxa2 Re2+ 52.Kf1 Rxe1+ 53.Rxe1 Qxg5 54.Nc1 Qc5 55.Ne2 Qa3  1/2-1/2

[Event "ch-SER Qualification"]
[Site "Belgrade SER"]
[Date "2007.01.29"]
[Round "7"]
[White "Pavlovic,Milo2"]
[Black "Sarenac,I"]
[Result "1-0"]
[WhiteElo "2448"]
[BlackElo "2190"]

1.Nf3 Nf6 2.c4 b6 3.d4 e6 4.g3 Ba6 5.Nbd2 d5 6.Bg2 Be7 7.O-O O-O 8.Ne5 Bb7
9.cxd5 exd5 10.b3 a5 11.Bb2 Na6 12.Rc1 c5 13.Re1 a4 14.bxa4 Nb4 15.a3 Nc6
16.dxc5 bxc5 17.e4 d4 18.Nd3 Nd7 19.e5 Na5 20.Bxb7 Nxb7 21.e6 fxe6 22.Rxe6 Rf7
23.Nc4 Bf6 24.Qe2 Nf8 25.Re4 Nd7 26.Re1 Rf8 27.Nf4 Qc8 28.Qh5 Qc6 29.Re6 Qxa4
30.Qd5 Kh8 31.Qxb7 Qxc4 32.Qxd7 Rad8 33.Re8 Qg8 34.Rxf8 Qxf8 35.Ne6 Rxd7
36.Nxf8 Re7 37.Rxe7 Bxe7 38.Nd7 d3 39.Kf1  1-0

[Event "ch-UKR U20"]
[Site "Lviv UKR"]
[Date "2007.02.01"]
[Round "2"]
[White "Serik,M"]
[Black "Grekh,A"]
[Result "0-1"]
[WhiteElo "2285"]
[BlackElo "2351"]

1.d4 Nf6 2.c4 e6 3.Nf3 b6 4.g3 Ba6 5.b3 b5 6.Bg2 bxc4 7.Ne5 Bb4+ 8.Bd2 cxb3
9.Nc3 d5 10.Qxb3 Bd6 11.O-O O-O 12.Nb5 Bxe5 13.dxe5 Nfd7 14.Ba5 Nb6 15.Rac1 Bxb5
16.Qxb5 N8d7 17.Qc6 Nxe5 18.Qxc7 Nec4 19.Qxd8 Rfxd8 20.Bc3 Rac8 21.e3 f6
22.Rfd1 e5 23.h4 Rc6 24.Be1 Kf7 25.Kf1 Ke6 26.Ke2 f5 27.Bh3 Rdc8 28.f3 Nb2
29.Rxc6+ Rxc6 30.Rd2 N2a4 31.Kf2 Nc5 32.Bf1 Nc4 33.Rc2 e4 34.Bc3 Nd3+ 35.Bxd3 exd3
36.Rc1 Ne5 37.Bd2 Rxc1 38.Bxc1 Nc4 39.Ke1 Ke5 40.Bd2 d4 41.e4 fxe4 42.fxe4 Nxd2
43.Kxd2 Kxe4 44.a4 h5  0-1

[Event "TCh-BEL 2006-7"]
[Site "Belgium BEL"]
[Date "2007.02.08"]
[Round "7"]
[White "Goormachtigh,J"]
[Black "Miedema,R"]
[Result "0-1"]
[WhiteElo "2235"]
[BlackElo "2235"]

1.d4 e6 2.c4 Nf6 3.Nf3 b6 4.g3 Ba6 5.Qa4 Bb7 6.Bg2 Be7 7.O-O O-O 8.Nc3 Ne4
9.Nxe4 Bxe4 10.Bf4 d6 11.Rad1 Nd7 12.Ne1 Bxg2 13.Nxg2 c5 14.d5 e5 15.Bd2 a6
16.b4 cxb4 17.Bxb4 Qc7 18.Rb1 f5 19.Rfc1 f4 20.Qb3 fxg3 21.hxg3 Bg5 22.Rc2 Rf6
23.Be1 Qc5 24.Qa4 Qc8 25.Qc6 Qe8 26.Bd2 Bxd2 27.Rxd2 Rc8 28.Qa4 Qg6 29.Qc2 Qg4
30.Ne3 Qh3 31.Qe4 Nc5 32.Qg4 Qxg4 33.Nxg4 Rg6 34.Ne3 Rf8 35.Rdb2 Ne4 36.Rf1 Rgf6
37.Rxb6 Rxf2 38.Rxf2 Rxf2 39.Rxa6 Rxe2 40.Nf5 Nd2 41.Nxd6 h5 42.Ra8+ Kh7
43.Ra3 e4 44.c5 e3 45.Ne4 Nxe4 46.d6 Nxc5  0-1

[Event "TCh-FIN 2006-7"]
[Site "Jyvaskyla FIN"]
[Date "2007.02.10"]
[Round "7"]
[White "Hintikka,E"]
[Black "Kanko,I"]
[Result "1-0"]
[WhiteElo "2122"]
[BlackElo "2243"]

1.d4 Nf6 2.Nf3 b6 3.c4 e6 4.g3 Ba6 5.Qc2 Bb7 6.Bg2 Be7 7.Nc3 d5 8.Ne5 O-O
9.O-O Na6 10.Bg5 h6 11.Bf4 c5 12.dxc5 bxc5 13.Rad1 Qb6 14.a3 Rad8 15.h4 Nb8
16.b4 cxb4 17.axb4 Na6 18.b5 Nb4 19.Qb3 a5 20.Na4 Qa7 21.b6 Qa8 22.c5 Nd7
23.Rc1 Nxe5 24.Bxe5 Bc6 25.Rfd1 Qa6 26.Nb2 Qxe2 27.Bc7 Rd7 28.Bf1 Qg4 29.Nd3 Nxd3
30.Bxd3 d4 31.Bb5 Bd5 32.Qd3 Qh3 33.f3 Qxg3+ 34.Bxg3  1-0

[Event "ch-St Petersburg sf"]
[Site "St Petersburg RUS"]
[Date "2007.02.11"]
[Round "2"]
[White "Merzliakov,E"]
[Black "Smirnov,Arte"]
[Result "0-1"]
[WhiteElo "2211"]
[BlackElo "2385"]

1.d4 Nf6 2.c4 e6 3.Nf3 b6 4.g3 Ba6 5.Qa4 c5 6.Bg2 Bb7 7.dxc5 bxc5 8.O-O Be7
9.Nc3 O-O 10.Bf4 d6 11.Rad1 Qb6 12.Qc2 h6 13.e4 e5 14.Be3 Nc6 15.Nh4 Nd4
16.Qd2 Rfe8 17.Bxh6 gxh6 18.Qxh6 Nh7 19.Nd5 Bxd5 20.exd5 Bxh4 21.Qxh4 Qd8
22.Qg4+ Qg5 23.Qd7 Qe7 24.Qg4+ Kh8 25.Rde1 f5 26.Qd1 Qg7 27.Kh1 Nf6 28.Qa4 Rab8  0-1

[Event "OCF Winter NAO FIDE Op"]
[Site "Stillwater USA"]
[Date "2007.02.17"]
[Round "1"]
[White "Zivanic,M"]
[Black "Simo,J"]
[Result "1-0"]
[WhiteElo "2451"]
[BlackElo "2035"]

1.d4 Nf6 2.c4 e6 3.Nf3 b6 4.g3 Ba6 5.Nbd2 c5 6.Bg2 Bb7 7.e4 cxd4 8.Nxd4 d6
9.O-O Qc8 10.Re1 Nbd7 11.a4 Be7 12.a5 bxa5 13.N2b3 Nc5 14.Nxa5 Bxe4 15.Bxe4 Nfxe4
16.b4 Nc3 17.Qf3 N5e4 18.Bb2 Bf6 19.Bxc3 Nxc3 20.Qxc3 O-O 21.Qd3 e5 22.Ndc6 Re8
23.Qd5  1-0

[Event "OCF Winter NAO FIDE Op"]
[Site "Stillwater USA"]
[Date "2007.02.18"]
[Round "3"]
[White "Zenyuk,I"]
[Black "Vavrak,P"]
[Result "0-1"]
[WhiteElo "2176"]
[BlackElo "2423"]

1.d4 e6 2.c4 Nf6 3.Nf3 b6 4.g3 Ba6 5.b3 b5 6.cxb5 Bxb5 7.Nc3 Bc6 8.Bg2 Bb4
9.Bb2 Qc8 10.O-O Qb7 11.Bh3 d6 12.Rc1 Nbd7 13.Qc2 Rc8 14.d5 Bxd5 15.Nxd5 Qxd5
16.Nd4 Qb7 17.a3 Bc5 18.b4 Bxd4 19.Bxd4 c5 20.bxc5 Nxc5 21.Bg2 Qc7 22.e4 O-O
23.e5 Nfd7 24.exd6 Qxd6 25.Rfd1 Qa6 26.Qc4 Qa5 27.Qb4 Qb6 28.Qc3 e5 29.Bxc5 Rxc5
30.Qe3 Rxc1 31.Qxc1 Nf6 32.Re1 Qa5 33.Qe3 Re8 34.Bc6 Re6 35.Rb1 g6 36.Rb8+ Kg7
37.Bg2 Ng4 38.Qe4 Nf6 39.Qe3 Qc7 40.Rb1 Rb6 41.Rxb6 axb6 42.h4 h5 43.Bf3 Nd7
44.Qb3 Qc5  0-1

[Event "Masters"]
[Site "Bunratty IRL"]
[Date "2007.02.24"]
[Round "4"]
[White "Orr,M"]
[Black "Hanly,S"]
[Result "1-0"]
[WhiteElo "2293"]
[BlackElo "1986"]

1.d4 e6 2.c4 Nf6 3.Nf3 b6 4.g3 Ba6 5.b3 Bb7 6.Bg2 Bb4+ 7.Bd2 c5 8.O-O O-O
9.Bxb4 cxb4 10.Nbd2 a5 11.Re1 d6 12.e4 Na6 13.e5 dxe5 14.dxe5 Nd7 15.Ne4 Nac5
16.Nd6 Bc6 17.Nb5 Bxb5 18.cxb5 Rc8 19.Nd4 Nb8 20.Nc6 Nxc6 21.bxc6 Qc7 22.Qe2 Rfd8
23.f4 Qe7 24.Red1 h6 25.h4 Qc7 26.Rxd8+ Rxd8 27.Rd1 Kf8 28.Qc2 Kg8 29.Rd2 Na6
30.Qd1 Rxd2 31.Qxd2 Nb8 32.Qd6 Na6 33.Bf1 Qa7 34.Qd8+ Kh7 35.Qd3+  1-0

[Event "V Breizh Masters GM"]
[Site "Guingamp FRA"]
[Date "2007.02.24"]
[Round "9"]
[White "Le Roux,JP"]
[Black "Monroy,C"]
[Result "1/2-1/2"]
[WhiteElo "2486"]
[BlackElo "2408"]

1.c4 e6 2.Nf3 Nf6 3.d4 b6 4.g3 Ba6 5.b3 Bb7 6.Bg2 Bb4+ 7.Bd2 a5 8.O-O O-O
9.Nc3 d6 10.Qc2 Nbd7 11.Rad1 Bxc3 12.Bxc3 Be4 13.Qc1 a4 14.Bh3 axb3 15.axb3 Ra2
16.Rd2 Qa8 17.Nh4 Bb7 18.d5 Re8 19.dxe6 fxe6 20.f3 Qa3 21.Rxa2 Qxa2 22.Qb2  1/2-1/2

[Event "Meurthe et Moselle GM"]
[Site "Nancy FRA"]
[Date "2007.02.24"]
[Round "8"]
[White "Marzolo,C"]
[Black "Nezar,M"]
[Result "1/2-1/2"]
[WhiteElo "2472"]
[BlackElo "2423"]

1.d4 Nf6 2.c4 e6 3.Nf3 b6 4.g3 Ba6 5.Qc2 c5 6.d5 exd5 7.cxd5 Bb7 8.Bg2 Nxd5
9.Qb3 Nf6 10.Ne5 d5 11.Nc3 Nbd7 12.Bf4 Be7 13.O-O-O Nxe5 14.Bxe5 O-O 15.Nxd5 Nxd5
16.Bxd5 Qc8 17.e4 Bxd5 18.exd5 Rd8 19.d6 Bf8 20.h4 Qc6 21.Qd3 Rd7 22.h5 h6
23.Rh4 Re8 24.f4 f6 25.Qg6 Rf7 26.Bc3 Rd8 27.Rh2 Rxd6 28.Rxd6 Qxd6 29.Rd2 Qe6
30.a3 b5 31.Rd8 b4 32.axb4 Qe7 33.Qd3 cxb4 34.Bd2 Qb7 35.Qd5 Qxd5 36.Rxd5 Rc7+
37.Kd1 Bc5 38.Ke2 Kf7 39.Kd3 Ke6 40.Ke4 Bb6 41.b3 a5 42.Rb5 Rc6 43.g4 Rd6
44.Be3 Bxe3 45.Kxe3 Rc6 46.Ke4 Rc3 47.Rxa5 Rxb3 48.Ra7 Rg3 49.Ra6+  1/2-1/2

[Event "Interclubes Paulista"]
[Site "Sao Paulo BRA"]
[Date "2007.02.24"]
[Round "1"]
[White "De Souza,M"]
[Black "Leitao,R"]
[Result "0-1"]
[WhiteElo "2335"]
[BlackElo "2604"]

1.d4 Nf6 2.c4 e6 3.Nf3 b6 4.g3 Ba6 5.b3 Bb4+ 6.Bd2 Be7 7.Bg2 c6 8.Bc3 d5
9.Ne5 Nfd7 10.Nxd7 Nxd7 11.Nd2 O-O 12.O-O f5 13.Rc1 Rc8 14.Bb2 Bd6 15.Re1 Qe7
16.e3 Nf6 17.Bf1 Bb7 18.Nf3 Ne4 19.Ne5 Bxe5 20.dxe5 Rfd8 21.cxd5 Rxd5 22.Qh5 Rd2
23.Re2 Rcd8 24.Bc3 g6 25.Qh6 Rd1 26.Rec2 Nxc3 27.Rxc3 c5 28.e4 Bxe4 29.Rxd1 Rxd1
30.Rc1 Rd8 31.Bc4 Ba8 32.Qh4 Qxh4 33.Bxe6+ Kf8 34.gxh4 Re8 35.Bc4 Rxe5 36.h3 Ke7
37.Kh2 f4 38.Rd1 Bf3 39.Rd3 Be2 40.Rc3 Bxc4 41.Rxc4 Re2 42.Ra4 a5 43.Kg2 Ke6
44.Kf3 Rd2 45.Kxf4 Rxf2+ 46.Kg5 Rf5+ 47.Kg4 Ke5  0-1

[Event "64th ch-GEO w"]
[Site "Tbilisi GEO"]
[Date "2007.03.02"]
[Round "1"]
[White "Lomineishvili,M"]
[Black "Dzagnidze,N"]
[Result "1-0"]
[WhiteElo "2399"]
[BlackElo "2463"]

1.d4 Nf6 2.c4 e6 3.Nf3 b6 4.g3 Ba6 5.b3 Bb4+ 6.Bd2 Bxd2+ 7.Qxd2 O-O 8.Bg2 Bb7
9.Nc3 d6 10.O-O Nbd7 11.Qc2 c5 12.Rad1 Qe7 13.e4 cxd4 14.Nxd4 Rfd8 15.f4 Ne8
16.Rd2 a6 17.Rfd1 Rac8 18.a4 Nc5 19.Kh1 Nf6 20.Re2 Qc7 21.Qb2 Qb8 22.Qb1 Qa8
23.Kg1 g6 24.Rde1 Re8 25.e5 Bxg2 26.Rxg2 dxe5 27.fxe5 Ng4 28.Ne4 Rcd8 29.Rd2 Kg7
30.Nd6 Re7 31.Qd1 Nxe5 32.Rxe5 Rxd6 33.Nf5+ exf5 34.Rxe7 Rf6 35.Rd8 Qc6 36.Ree8 Ne6
37.Rg8+ Kh6 38.Rd5 g5 39.Qf1 Ng7 40.h4 Rg6 41.hxg5+ Rxg5 42.Qf4 f6 43.Rd6 Qc5+
44.Kg2 Kg6 45.Qd4 Qxd4 46.Rxd4 Kf7 47.Rb8 Nh5 48.Rxb6 f4 49.g4 Rxg4+ 50.Kf2 Rh4
51.c5 Rh2+ 52.Kf3 Rh3+ 53.Kg4 Rh1 54.c6 f5+ 55.Kxf5 Ng7+ 56.Kg4 h5+ 57.Kf3 Ne6
58.Rd7+ Kf6 59.c7 Rh3+ 60.Kg2 Rg3+ 61.Kf2 Rc3 62.Rdd6  1-0

[Event "23rd Open"]
[Site "Cappelle la Grande FRA"]
[Date "2007.03.05"]
[Round "3"]
[White "Naumkin,I"]
[Black "Rihouay,C"]
[Result "1-0"]
[WhiteElo "2503"]
[BlackElo "2192"]

1.d4 Nf6 2.c4 e6 3.Nf3 b6 4.g3 Ba6 5.b3 b5 6.cxb5 Bxb5 7.Bg2 Bc6 8.O-O Be7
9.Bb2 O-O 10.Nbd2 Qc8 11.Re1 Qb7 12.e4 d6 13.d5 exd5 14.exd5 Nxd5 15.Nd4 Bd8
16.Nxc6  1-0

[Event "64th ch-GEO w"]
[Site "Tbilisi GEO"]
[Date "2007.03.05"]
[Round "4"]
[White "Charkhalashvili,I"]
[Black "Khurtsidze,N"]
[Result "1/2-1/2"]
[WhiteElo "2316"]
[BlackElo "2451"]

1.d4 Nf6 2.c4 e6 3.Nf3 b6 4.g3 Ba6 5.b3 b5 6.Qc2 bxc4 7.bxc4 Bb4+ 8.Bd2 Bxd2+
9.Nbxd2 c5 10.Bg2 Bb7 11.O-O cxd4 12.Nxd4 Bxg2 13.Kxg2 O-O 14.Qa4 Qb6 15.N2f3 Rc8
16.Rfc1 Na6 17.Rab1 Nc5 18.Rxb6 Nxa4 19.Rb4 Nc5 20.Nb5 Kf8 21.Ne5 Ke7 22.Rd1 Ne8
23.Nd3 a6 24.Nxc5 Rxc5 25.Ra4 Rcc8 26.Nd4 Nd6 27.Rc1 Nb7 28.Nb3 Rc6 29.Rb4 Nc5
30.Nxc5 Rxc5 31.Rb7 Rac8 32.Ra7 R5c6 33.c5 R8c7 34.Ra8 Rb7 35.Ra1 Rxc5 36.Rxa6 Rc2
37.Kf3 d5 38.a4 Rbb2 39.Re1 Ra2 40.h4 f5 41.Ra7+ Kf6 42.a5 g6 43.a6 Rc6 44.Rb1  1/2-1/2

[Event "23rd Open"]
[Site "Cappelle la Grande FRA"]
[Date "2007.03.07"]
[Round "6"]
[White "Shneider,A"]
[Black "Grabinsky,V"]
[Result "1-0"]
[WhiteElo "2532"]
[BlackElo "2281"]

1.d4 Nf6 2.Nf3 e6 3.c4 b6 4.g3 Ba6 5.b3 b5 6.cxb5 Bxb5 7.Bg2 Bc6 8.O-O Qc8
9.Bg5 Ne4 10.Bf4 d6 11.Qd3 Qb7 12.Rc1 Nd7 13.Rxc6 Qxc6 14.Ng5 f5 15.Nxe6 Rc8
16.d5 Qb6 17.Bxe4 Ne5 18.Bxe5 fxe4 19.Qxe4 dxe5 20.Nd2 c6 21.Rc1 Bb4 22.Qxe5 Bxd2
23.Nc5+ Kf8 24.Nd7+  1-0

[Event "I Open"]
[Site "La Laguna ESP"]
[Date "2007.03.07"]
[Round "3"]
[White "Epishin,V"]
[Black "Sanz Alonso,F"]
[Result "1-0"]
[WhiteElo "2554"]
[BlackElo "2415"]

1.d4 Nf6 2.c4 e6 3.Nf3 b6 4.g3 Ba6 5.Qb3 Nc6 6.Nbd2 Bb4 7.Bg2 O-O 8.O-O Bxd2
9.Bxd2 Ne4 10.Rfd1 Nxd2 11.Nxd2 Bb7 12.d5 exd5 13.cxd5 Ne5 14.Rac1 Re8 15.Rc3 d6
16.Rdc1 Nd7 17.Qd1 Ba6 18.e3 Nc5 19.Qc2 Bb5 20.b4 Na4 21.Rxc7 Nc5 22.Rc6 Nd3
23.Rb1 Rc8 24.Rxc8 Qxc8 25.Qxc8 Rxc8 26.Bf1 f5 27.a4 Rc2 28.Nf3 Bc4 29.Nd4 Rd2
30.Nxf5  1-0

[Event "TCh-NOR 2006-7"]
[Site "Oslo NOR"]
[Date "2007.03.09"]
[Round "7"]
[White "Aandal,K"]
[Black "Urkedal,F"]
[Result "1/2-1/2"]
[WhiteElo "2041"]
[BlackElo "2140"]

1.d4 Nf6 2.c4 e6 3.Nf3 b6 4.g3 Ba6 5.Qa4 Bb7 6.Bg2 c5 7.O-O cxd4 8.Nxd4 Bxg2
9.Kxg2 Be7 10.Nc3 O-O 11.Bg5 h6 12.Bxf6 Bxf6 13.Rfd1 Qc7 14.Ndb5 Qc6+ 15.Kg1 Rc8
16.Nd6 Bxc3 17.Qxc6 Rxc6 18.bxc3 Na6 19.Rd4 Kf8 20.Rad1 Ke7 21.R1d2 Nc5 22.Kg2 Rd8
23.Rd1 f5 24.f3 a6 25.e4 fxe4 26.fxe4 Rf8 27.e5 Na4 28.R1d3 Rc5 29.Nb7 Rc7
30.Nd6 Nc5 31.Rd2 g5 32.Rd1 Kd8 33.h4 Nb7 34.hxg5 hxg5 35.Rg4 Nxd6 36.Rxd6 Rf5
37.Rxb6 Rxe5 38.Rxa6 Rb7 39.Kf3 Rf5+ 40.Ke3 Rb2 41.Ra8+ Ke7 42.Rg8 Re5+ 43.Kd3 Kf6
44.Rf8+ Ke7 45.Rg8 Kf6 46.Rf8+ Ke7 47.Rg8 Kf6  1/2-1/2

[Event "64th ch-GEO w"]
[Site "Tbilisi GEO"]
[Date "2007.03.09"]
[Round "7"]
[White "Charkhalashvili,I"]
[Black "Khukhashvili,S"]
[Result "0-1"]
[WhiteElo "2316"]
[BlackElo "2320"]

1.d4 e6 2.c4 Nf6 3.Nf3 b6 4.g3 Ba6 5.b3 Bb4+ 6.Bd2 Be7 7.Bg2 d5 8.Qc2 O-O
9.O-O Bb7 10.Bc3 Nbd7 11.Bb2 dxc4 12.Qxc4 a5 13.Rd1 Rc8 14.Nc3 c5 15.Rac1 Qc7
16.dxc5 Qb8 17.Qd3 Bxc5 18.Qb1 b5 19.Nd4 Bxg2 20.Kxg2 Qb6 21.Ndxb5 Bxf2 22.Rd6 Rc6
23.Rcd1 Bg1 24.Rxg1 Rxd6 25.Nxd6 Qxd6 26.Qd3 Qc5 27.Na4 Qc6+ 28.Qf3 Nd5 29.Rc1 Qd6
30.Qd3 f5 31.Qd4 e5 32.Ba3 exd4 33.Bxd6 Re8 34.Kf2 N7f6 35.Nc5 Nc3 36.Bf4 Ng4+
37.Kf3 Rxe2  0-1

[Event "ch-POL w"]
[Site "Barlinek POL"]
[Date "2007.03.12"]
[Round "5"]
[White "Socko,M"]
[Black "Krupa,M"]
[Result "1-0"]
[WhiteElo "2481"]
[BlackElo "2275"]

1.d4 Nf6 2.c4 e6 3.Nf3 b6 4.g3 Ba6 5.Nbd2 Bb4 6.Qc2 Bb7 7.Bg2 c5 8.dxc5 Bxc5
9.O-O O-O 10.e4 Nc6 11.e5 Ng4 12.Ne4 f6 13.exf6 Nb4 14.Qe2 Bxe4 15.Qxe4 Nxf6
16.Qe2 Qe8 17.a3 Nc6 18.b4 Be7 19.Bb2 Qh5 20.Rad1 Rad8 21.Rd2 Kh8 22.Rfd1 Nb8
23.Nd4 Qxe2 24.Rxe2 a5 25.Nf5 Bxb4 26.axb4 exf5 27.b5 Rfe8 28.Rxe8+ Rxe8
29.Bd4 Re6 30.Bd5 Nxd5 31.cxd5 Re8 32.Bxb6 Kg8 33.Bxa5 d6 34.Bc7 Nd7 35.b6 Re2
36.Rb1 Rd2 37.Rb5 Nxb6 38.Bxb6 Kf7 39.Be3 Rd1+ 40.Kg2 h6 41.h4 Kf6 42.Bf4  1-0

[Event "64th ch-GEO w"]
[Site "Tbilisi GEO"]
[Date "2007.03.13"]
[Round "11"]
[White "Javakhishvili,L"]
[Black "Dzagnidze,N"]
[Result "1-0"]
[WhiteElo "2421"]
[BlackElo "2463"]

1.d4 Nf6 2.Nf3 e6 3.c4 b6 4.g3 Ba6 5.Qc2 c5 6.d5 exd5 7.cxd5 d6 8.Bg2 Be7
9.Nc3 b5 10.a3 O-O 11.O-O Nbd7 12.Re1 Re8 13.h3 Bf8 14.e4 Qc8 15.b3 b4 16.Nb1 g6
17.Nbd2 Bg7 18.Bb2 Rb8 19.axb4 Rxb4 20.Bc3 Rb6 21.Ra3 Nh5 22.Bxg7 Kxg7 23.Kh2 Nhf6
24.Rea1 Nb8 25.Nh4 Rb4 26.Qc3 Rd4 27.Nhf3 Rb4 28.Nh4 Rb6 29.g4 g5 30.Nf5+ Kg6
31.f4 h6 32.e5 dxe5 33.fxe5 Nfd7 34.e6 Nf6 35.Ne4 Qd8 36.Rxa6 Rxa6 37.Rxa6 Nxa6
38.e7 Qb8+ 39.d6 Nh5 40.gxh5+  1-0

[Event "ch-POL w"]
[Site "Barlinek POL"]
[Date "2007.03.14"]
[Round "7"]
[White "Kadziolka,B"]
[Black "Krupa,M"]
[Result "1-0"]
[WhiteElo "2309"]
[BlackElo "2275"]

1.d4 Nf6 2.Nf3 e6 3.c4 b6 4.g3 Ba6 5.b3 Bb4+ 6.Bd2 Be7 7.Nc3 c6 8.e4 d5 9.cxd5 Bxf1
10.Kxf1 cxd5 11.e5 Ne4 12.Rc1 O-O 13.Kg2 Qd7 14.Qe2 Nxd2 15.Qxd2 Ba3 16.Rc2 Nc6
17.Nb1 Bb4 18.Qd3 Be7 19.a3 Rfc8 20.Rhc1 a6 21.b4 b5 22.Nbd2 Na7 23.Nb3 Rc4
24.Nfd2 Rac8 25.Na5 Nc6 26.Ndxc4 dxc4 27.Nxc6 Qxc6+ 28.Qf3 Qb6 29.Rd1 Qc7
30.d5 Qxe5 31.dxe6 fxe6 32.Re2 Qg5 33.Rxe6 c3 34.Qb7 Re8 35.Rde1 c2 36.Rxe7 Rf8
37.Qc6 Qd2 38.R7e2  1-0

[Event "60th ch-RUS sf Urals"]
[Site "Nizhnij Tagil RUS"]
[Date "2007.03.15"]
[Round "2"]
[White "Povodyr,A"]
[Black "Fokin,Se RUS"]
[Result "0-1"]
[WhiteElo "2002"]
[BlackElo "2169"]

1.d4 Nf6 2.c4 e6 3.Nf3 b6 4.g3 Ba6 5.Qc2 c5 6.Bg2 Bb7 7.O-O cxd4 8.Nxd4 Bxg2
9.Kxg2 Be7 10.e4 O-O 11.e5 Ne8 12.Qe4 Na6 13.Nc3 Nc5 14.Qe2 f6 15.b4 fxe5
16.Nc6 dxc6 17.bxc5 Bxc5 18.Qxe5 Qf6 19.Qxf6 Nxf6 20.Bf4 Bd4 21.Rac1 e5 22.Bd2 Rad8
23.Nd1 Ne4 24.Be1 Nc5 25.Bb4 Nd3 26.Bxf8 Nxc1 27.Ne3 Nxa2 28.Be7 Rd7 29.Nf5 c5  0-1

[Event "56th ch-BUL w"]
[Site "Pernik BUL"]
[Date "2007.03.15"]
[Round "6"]
[White "Raeva,E"]
[Black "Nikolova,A"]
[Result "1-0"]
[WhiteElo "2207"]
[BlackElo "2204"]

1.d4 Nf6 2.c4 e6 3.Nf3 b6 4.g3 Ba6 5.Qc2 Bb7 6.Bg2 Be4 7.Qd1 Bb4+ 8.Bd2 a5
9.O-O O-O 10.a3 Bxd2 11.Qxd2 Bb7 12.Nc3 Ne4 13.Nxe4 Bxe4 14.b4 d6 15.Qf4 f5
16.Ng5 Bxg2 17.Kxg2 Qe7 18.d5 exd5 19.cxd5 c6 20.Ne6 Rf7 21.Rac1 h6 22.Nd4 cxd5
23.Rc8+ Rf8 24.Rxf8+ Qxf8 25.Ne6 Qf7 26.Qxd6 Nd7 27.Rc1 Re8 28.Nf4 Nf6 29.Rc7 Qf8
30.Qc6 Rb8 31.Qe6+ Kh7 32.Qxf5+ Kg8 33.Ne6 Qf7 34.Rxf7 Kxf7 35.Nf4 Re8 36.Nxd5 axb4
37.Nxf6 gxf6 38.axb4 Re5 39.Qh7+ Ke6 40.Qxh6 Rxe2 41.h4 Re4 42.Qf8 Re5 43.Qc8+ Kf7
44.Qc7+ Kg6 45.Qxb6 Re2 46.Qc6 Rb2 47.b5  1-0

[Event "60th ch-RUS sf Urals"]
[Site "Nizhnij Tagil RUS"]
[Date "2007.03.17"]
[Round "4"]
[White "Sergeev,A KAZ"]
[Black "Fokin,Se RUS"]
[Result "0-1"]
[WhiteElo "2333"]
[BlackElo "2169"]

1.d4 Nf6 2.Nf3 e6 3.c4 b6 4.g3 Ba6 5.Nbd2 Bb7 6.Bg2 c5 7.e4 cxd4 8.O-O d6
9.Nxd4 Nbd7 10.Re1 a6 11.a4 Qc7 12.a5 Be7 13.axb6 Qxb6 14.N2b3 Rc8 15.Na5 Ba8
16.Be3 Qc7 17.Qb1 O-O 18.b4 Ng4 19.b5 Nxe3 20.fxe3 axb5 21.cxb5 Bf6 22.Rc1 Qb6
23.Nac6 Nc5 24.Ra3 e5 25.Nb3 Qxb5 26.Nxc5 Qxc6 27.Ra6 Qe8 28.Nd3 Bg5 29.Re1 Rc6
30.Ra3 Qb8 31.Qa2 Rb6 32.h4 Bf6 33.Rf1 Bc6 34.Qe2 Bd8 35.Kh2 Qb7 36.Qa2 Qb8
37.Rf2 Rb7 38.Rc2 Rb6 39.Bh3 Bb7 40.Nf2 Be7 41.Rac3 Qa8 42.Rc7 Qxa2 43.Rxa2 Bd8
44.Rc3 d5 45.exd5 Bxd5 46.Rd2 Bb7 47.Bc8 Ba8 48.Ra2 Rb8 49.Bf5 Bd5 50.Rac2 g6
51.Be4 Be6 52.Nd3 Ba5 53.Rc5 Bb6 54.Rxe5 Bxe3 55.Bxg6 Bd4 56.Re4 Rfd8 57.Nf4 Bb3
58.Rd2 Bg1+ 59.Kxg1 Rxd2 60.Bh5 Bc2 61.Re2 Rxe2 62.Bxe2 Be4 63.Kf2 f5 64.Nh3 Rb2
65.Ke3 h6 66.Nf2 Bb1 67.Nd1 Rb3+ 68.Kf4 Rb4+ 69.Ke3 Re4+ 70.Kf2 Kg7 71.Nc3 Rb4
72.Nd5 Rd4 73.Nf4 Kf6 74.Bf3 Ba2 75.Ke3 Ra4 76.Kf2 Bf7 77.Be2 Ke5 78.Ke3 Bc4
79.Bf3 Ra3+ 80.Kf2 Kd4 81.Ng2 Ra2+ 82.Kg1 Bd5 83.Bxd5 Kxd5 84.Kh2 Ke4 85.Kh3 Rf2
86.h5 Rf1 87.Nh4 Rh1+ 88.Kg2 Rxh4 89.gxh4 Ke3  0-1

[Event "ch-RUS U20"]
[Site "Saint Petersburg RUS"]
[Date "2007.03.18"]
[Round "8"]
[White "Lysyj,I"]
[Black "Iljin,A"]
[Result "1/2-1/2"]
[WhiteElo "2576"]
[BlackElo "2529"]

1.d4 Nf6 2.Nf3 e6 3.c4 b6 4.g3 Ba6 5.Qb3 d5 6.cxd5 Qxd5 7.Nc3 Qxb3 8.axb3 Nd5
9.Nxd5 exd5 10.Bf4 Bb4+ 11.Kd1 Bd6 12.Bxd6 cxd6 13.Bh3 Bb5 14.Rc1 Bd7 15.Bg2 Be6
16.Kd2 Kd7 17.Rc3 Nc6 18.Rhc1 Rhc8 19.e3 h6 20.Ne1 Nb4 21.Bf1 Bf5 22.Bg2 Kd8
23.f3 h5 24.h3 g5 25.g4 hxg4 26.hxg4 Be6 27.Nd3 Nxd3 28.Kxd3 a5 29.f4 gxf4
30.exf4 Bxg4 31.Bxd5 Ra7 32.Rh1 Ke7 33.Ke4 Re8 34.Bc6 Rg8 35.Rh6 Rg6 36.Bd5 Kf6
37.Rc6 Re7+ 38.Kd3 Kf5 39.Rxd6 Kxf4 40.Rxb6  1/2-1/2

[Event "ch-KAZ"]
[Site "Astana KAZ"]
[Date "2007.03.20"]
[Round "1"]
[White "Issabayev,D"]
[Black "Stativkin,D"]
[Result "1/2-1/2"]
[WhiteElo "2258"]
[BlackElo "2214"]

1.d4 Nf6 2.c4 e6 3.Nf3 b6 4.g3 Ba6 5.Qc2 Bb4+ 6.Bd2 Be7 7.Bg2 O-O 8.O-O d5
9.Ne5 c5 10.dxc5 Bxc5 11.Nc3 Nbd7 12.Nc6 Qc8 13.cxd5 exd5 14.Nxd5 Nxd5 15.Bxd5 Nf6
16.Bf3 Bxe2 17.Bxe2 Qxc6 18.Rac1 Rfe8 19.Bf4 Qe6 20.Bf3 Rad8 21.Qc4 Qf5 22.Qc2 Qxc2
23.Rxc2 Nd5 24.Bd2 Nb4 25.Bxb4 Bxb4 26.a3 Bd6 27.Bc6 Re7 28.Rd1 Bc7 29.Bd5 Kf8
30.Kg2 Red7 31.Rcd2 Be5 32.b3 g6 33.Rd3 Bf6 34.Kf3 a5 35.a4 Be7 36.Ke2 Bc5
37.f4 Kg7  1/2-1/2

[Event "zt 2.5 m"]
[Site "San Luis ARG"]
[Date "2007.03.20"]
[Round "2"]
[White "Roselli Mailhe,B"]
[Black "Mareco,S"]
[Result "1/2-1/2"]
[WhiteElo "2446"]
[BlackElo "2356"]

1.d4 Nf6 2.c4 e6 3.Nf3 b6 4.g3 Ba6 5.b3 Bb4+ 6.Bd2 Be7 7.Nc3 O-O 8.e4 d5
9.e5 Ne4 10.Rc1 c5 11.Bd3 Nxc3 12.Bxc3 Nc6 13.dxc5 dxc4 14.bxc4 Bb7 15.O-O Bxc5
16.Qe2 Qe7 17.Qe4 g6  1/2-1/2

[Event "ch-KAZ"]
[Site "Astana KAZ"]
[Date "2007.03.21"]
[Round "2"]
[White "Zhumabayev,R"]
[Black "Moiseenko,Ilya"]
[Result "1-0"]
[WhiteElo "2421"]
[BlackElo "2308"]

1.d4 Nf6 2.Nf3 e6 3.c4 b6 4.g3 Ba6 5.b3 Bb4+ 6.Bd2 Be7 7.Bg2 Bb7 8.O-O O-O
9.Nc3 Ne4 10.Rc1 f5 11.d5 exd5 12.cxd5 Bf6 13.Nxe4 fxe4 14.Ne1 Bxd5 15.Bb4 Bc6
16.Bxf8 Qxf8 17.Nc2 Qc5 18.Ne3 Qa5 19.Qc2 d5 20.Rfd1 Bg5 21.Nxd5 Bxd5 22.Bxe4 c6
23.Bxd5+ cxd5 24.Qc8+  1-0

[Event "60th ch-RUS sf Urals"]
[Site "Nizhnij Tagil RUS"]
[Date "2007.03.21"]
[Round "8"]
[White "Obodchuk,A"]
[Black "Obukhov,A"]
[Result "1/2-1/2"]
[WhiteElo "2410"]
[BlackElo "2445"]

1.d4 Nf6 2.c4 e6 3.Nf3 b6 4.g3 Ba6 5.Qc2 Bb7 6.Nc3 c5 7.d5 exd5 8.cxd5 Nxd5
9.Nxd5 Bxd5 10.Bg2 Nc6 11.O-O Be7 12.e4 Be6 13.Bf4 O-O 14.a3 Rc8 15.h3 f6
16.Rad1 Qe8 17.Rd2 Qf7 18.Qc3 Rfd8 19.Rfd1 Na5 20.e5 Nc4 21.Re2 h6 22.Qc1 f5
23.h4 Na5 24.Qe3 Nb3 25.Qc3 b5 26.Rc2 a5 27.Be3 b4 28.axb4 axb4 29.Qe1 Rc7
30.Bf1 Rb8 31.Be2 Kh8 32.h5 c4 33.Nd4 Nxd4 34.Rxd4 Bc5 35.Rdxc4 Bxc4 36.Bxc4 Qe7
37.Bb3 Bxe3 38.Rxc7 Qxe5 39.Rxd7 Qxg3+ 40.Kf1 Qh3+ 41.Kg1 Bf4 42.Bf7 b3 43.Bg6 Bh2+
44.Kh1 Be5+ 45.Kg1 Qg4+ 46.Kf1 Qh3+ 47.Kg1 Bh2+ 48.Kh1 Rf8 49.Qe3 Bg3+ 50.Kg1 Qh2+
51.Kf1 Be5 52.Qc3 f4 53.Qf3 Rc8 54.Rd1 Bxb2 55.Qg4 Rf8 56.Be4 f3 57.Bxf3 Qe5  1/2-1/2

[Event "Agzamov Mem"]
[Site "Tashkent UZB"]
[Date "2007.03.21"]
[Round "7"]
[White "Fominyh,A"]
[Black "Kvon,A"]
[Result "1-0"]
[WhiteElo "2513"]
[BlackElo "2381"]

1.d4 Nf6 2.Nf3 e6 3.c4 b6 4.g3 Ba6 5.Qc2 c5 6.Bg2 Bb7 7.d5 exd5 8.cxd5 Bxd5
9.Nc3 Bc6 10.e4 d6 11.Bf4 Nh5 12.Be3 Nd7 13.O-O-O Qc7 14.Nd5 Bxd5 15.Rxd5 Nhf6
16.Rd2 O-O-O 17.Rhd1 d5 18.Ng5 Ne5 19.Bf4 Bd6 20.Bxe5 Bxe5 21.f4 Bd4 22.Rxd4 cxd4
23.e5 Qxc2+ 24.Kxc2 Ng4 25.Bh3 f5 26.Bxg4 fxg4 27.Nf7 Kd7 28.Kd3 Ke6 29.Nxd8+ Rxd8
30.Rc1 Kf5 31.Rc7 Rg8 32.Kxd4 h5 33.Rxa7 h4 34.Rf7+ Ke6 35.Rb7 Ra8 36.Rxg7 Ra4+
37.Kd3 Rxa2 38.Rg6+ Kf7 39.Rxb6 hxg3 40.hxg3 Ra1 41.Rf6+ Ke7 42.Rg6  1-0